Twelfth night (Record no. 7888)

MARC details
000 -LEADER
fixed length control field 00462cam a2200205ua 4500
001 - CONTROL NUMBER
control field 8800
005 - DATE AND TIME OF LATEST TRANSACTION
control field 20260515114359.0
008 - FIXED-LENGTH DATA ELEMENTS--GENERAL INFORMATION
fixed length control field 150214n ii |||gr||||Z||||||eng
020 ## - INTERNATIONAL STANDARD BOOK NUMBER
International Standard Book Number 9788174761514
040 ## - CATALOGING SOURCE
Transcribing agency MAIN
041 ## - LANGUAGE CODE
Language code of text/sound track or separate title eng
082 ## - DEWEY DECIMAL CLASSIFICATION NUMBER
Classification number 822.33
100 ## - MAIN ENTRY--PERSONAL NAME
Personal name Bhatia, P.,
Relator term Author.
245 1# - TITLE STATEMENT
Title Twelfth night
Statement of responsibility, etc. By Praveen Bhatia
250 ## - EDITION STATEMENT
Edition statement 1st.
260 ## - PUBLICATION, DISTRIBUTION, ETC.
Place of publication, distribution, etc. New Delhi:
Name of publisher, distributor, etc. UBS,
Date of publication, distribution, etc. 1999.
300 ## - PHYSICAL DESCRIPTION
Extent 376p.
653 ## - INDEX TERM--UNCONTROLLED
Uncontrolled term English drama
942 ## - ADDED ENTRY ELEMENTS (KOHA)
Koha item type Books
Holdings
Withdrawn status Lost status Damaged status Not for loan Home library Current library Shelving location Date acquired Total checkouts Full call number Barcode Date last seen Date last checked out Copy number Price effective from Koha item type
        Naharkatiya College Library Naharkatiya College Library General stacks 09/19/2020 6 822.33 | BHA 4520 11/17/2025 11/03/2025 2 09/19/2020 Books
        Naharkatiya College Library Naharkatiya College Library General stacks 09/19/2020 2 822.33 | BHA 5352 05/25/2023 04/24/2023 1 09/19/2020 Books